| 000 | 00614nam a22001937a 4500 | ||
|---|---|---|---|
| 003 | OSt | ||
| 005 | 20240624060012.0 | ||
| 008 | 240624b |||||||| |||| 00| 0 eng d | ||
| 020 | _a9786214160754 | ||
| 040 |
_aDWC- Main Lib _cOC |
||
| 082 | _aFil. 658.1 A259m 2019 | ||
| 100 | _aAgamata, Franklin T. | ||
| 245 |
_aManagement service: _ba comprehensive guide / _cFranklin T. Agamata. |
||
| 250 | _a 2019 edition | ||
| 260 |
_a Manila, Philippines : _bGIC Enterprises & Co., Inc., _cc2019. |
||
| 300 |
_aviii, 957 pages : _billustrations ; _c23cm. |
||
| 650 | _a1. Industrial management | ||
| 942 |
_2ddc _cBK - FIL _n1 |
||
| 999 |
_c1222 _d1222 |
||